[Event "FIDE World Cup 2025"]
[Site "Goa, India"]
[Date "2025.11.02"]
[Round "2.5"]
[White "Salinas Herrera, Pablo"]
[Black "Daneshvar, Bardiya"]
[Result "1/2-1/2"]
[TimeControl ": 90 minutes for the first 40 moves, followed by 30 minutes for the rest of the gamewith an increment of 30 seconds per move starting from move 1"]
[WhiteFideId "3407128"]
[BlackFideId "12576468"]
[WhiteElo "2451"]
[BlackElo "2598"]

1. d4 {[%clk 01:30:58]} {[%emt 00:00:02]} d5 {[%clk 01:30:54]} {[%emt
00:00:07]} 2. c4 {[%clk 01:31:21]} {[%emt 00:00:07]} c6 {[%clk 01:31:21]}
{[%emt 00:00:03]} 3. Nf3 {[%clk 01:31:44]} {[%emt 00:00:06]} Nf6 {[%clk
01:31:48]} {[%emt 00:00:04]} 4. Qb3 {[%clk 01:31:55]} {[%emt 00:00:19]} e6
{[%clk 01:30:35]} {[%emt 00:01:43]} 5. Bg5 {[%clk 01:31:45]} {[%emt 00:00:39]}
Nbd7 {[%clk 01:28:04]} {[%emt 00:03:02]} 6. Nc3 {[%clk 01:29:11]} {[%emt
00:03:03]} h6 {[%clk 01:25:14]} {[%emt 00:03:20]} 7. Bh4 {[%clk 01:27:48]}
{[%emt 00:01:53]} Be7 {[%clk 01:25:12]} {[%emt 00:00:33]} 8. e3 {[%clk
01:27:21]} {[%emt 00:00:57]} O-O {[%clk 01:24:05]} {[%emt 00:01:37]} 9. Be2
{[%clk 01:25:38]} {[%emt 00:02:13]} Ne4 {[%clk 01:08:32]} {[%emt 00:16:03]} 10.
Bxe7 {[%clk 01:22:20]} {[%emt 00:03:48]} Qxe7 {[%clk 01:08:59]} {[%emt
00:00:04]} 11. O-O {[%clk 01:19:54]} {[%emt 00:02:55]} dxc4 {[%clk 01:08:19]}
{[%emt 00:01:10]} 12. Bxc4 {[%clk 01:18:46]} {[%emt 00:01:37]} Nd6 {[%clk
01:05:01]} {[%emt 00:03:49]} 13. Qa3 {[%clk 00:56:17]} {[%emt 00:22:59]} c5
{[%clk 00:54:59]} {[%emt 00:10:33]} 14. Be2 {[%clk 00:53:10]} {[%emt 00:03:36]}
b6 {[%clk 00:54:47]} {[%emt 00:00:42]} 15. Na4 {[%clk 00:43:19]} {[%emt
00:10:21]} Ne4 {[%clk 00:45:44]} {[%emt 00:09:34]} 16. Bb5 {[%clk 00:39:32]}
{[%emt 00:04:17]} Bb7 {[%clk 00:40:23]} {[%emt 00:05:51]} 17. Bxd7 {[%clk
00:36:35]} {[%emt 00:03:26]} Qxd7 {[%clk 00:40:44]} {[%emt 00:00:09]} 18. dxc5
{[%clk 00:37:02]} {[%emt 00:00:03]} Nxc5 {[%clk 00:39:13]} {[%emt 00:02:01]} 19.
Nxc5 {[%clk 00:37:06]} {[%emt 00:00:26]} bxc5 {[%clk 00:39:16]} {[%emt
00:00:27]} 20. Rfd1 {[%clk 00:35:27]} {[%emt 00:02:09]} Qb5 {[%clk 00:38:46]}
{[%emt 00:01:00]} 21. Ne5 {[%clk 00:33:21]} {[%emt 00:02:36]} Rfd8 {[%clk
00:36:19]} {[%emt 00:02:57]} 22. Qc3 {[%clk 00:30:48]} {[%emt 00:03:02]} Qb4
{[%clk 00:31:14]} {[%emt 00:05:37]} 23. f3 {[%clk 00:24:59]} {[%emt 00:06:18]}
Qxc3 {[%clk 00:29:35]} {[%emt 00:02:09]} 24. bxc3 {[%clk 00:25:25]} {[%emt
00:00:05]} f6 {[%clk 00:29:04]} {[%emt 00:01:00]} 25. Nd3 {[%clk 00:19:54]}
{[%emt 00:06:01]} Rac8 {[%clk 00:29:23]} {[%emt 00:00:12]} 26. c4 {[%clk
00:14:48]} {[%emt 00:05:35]} Rd6 {[%clk 00:25:46]} {[%emt 00:04:07]} 27. Kf2
{[%clk 00:15:13]} {[%emt 00:00:05]} Kf8 {[%clk 00:24:21]} {[%emt 00:01:55]} 28.
Ke2 {[%clk 00:15:34]} {[%emt 00:00:09]} Ke7 {[%clk 00:24:29]} {[%emt 00:00:22]}
29. Rab1 {[%clk 00:14:58]} {[%emt 00:01:06]} Ba6 {[%clk 00:23:27]} {[%emt
00:01:33]} 30. Rdc1 {[%clk 00:15:19]} {[%emt 00:00:08]} Rc7 {[%clk 00:23:21]}
{[%emt 00:00:37]} 31. Rb3 {[%clk 00:13:06]} {[%emt 00:02:43]} Bc8 {[%clk
00:23:38]} {[%emt 00:00:12]} 32. Ra3 {[%clk 00:13:05]} {[%emt 00:00:32]} Ra6
{[%clk 00:23:28]} {[%emt 00:00:41]} 33. Rxa6 {[%clk 00:11:47]} {[%emt
00:01:48]} Bxa6 {[%clk 00:23:54]} {[%emt 00:00:04]} 34. Kd2 {[%clk 00:12:12]}
{[%emt 00:00:05]} Rc6 {[%clk 00:23:27]} {[%emt 00:00:57]} 35. Kc3 {[%clk
00:12:23]} {[%emt 00:00:18]} Bc8 {[%clk 00:22:04]} {[%emt 00:01:53]} 36. Rb1
{[%clk 00:12:34]} {[%emt 00:00:19]} Kd6 {[%clk 00:21:32]} {[%emt 00:01:02]} 37.
Rd1 {[%clk 00:07:43]} {[%emt 00:05:21]} Rb6 {[%clk 00:19:35]} {[%emt 00:02:27]}
38. Nf2+ {[%clk 00:06:13]} {[%emt 00:01:59]} Kc7 {[%clk 00:18:35]} {[%emt
00:01:30]} 39. Nd3 {[%clk 00:01:21]} {[%emt 00:05:22]} Ra6 {[%clk 00:18:23]}
{[%emt 00:00:43]} 40. Kb3 {[%clk 00:01:37]} {[%emt 00:00:13]} Rb6+ {[%clk
00:17:43]} {[%emt 00:01:10]} 41. Kc3 {[%clk 00:02:00]} {[%emt 00:00:07]} Ra6
{[%clk 00:18:05]} {[%emt 00:00:09]} 42. Rd2 {[%clk 00:01:21]} {[%emt 00:01:08]}
Kc6 {[%clk 00:18:20]} {[%emt 00:00:15]} 43. f4 {[%clk 00:24:04]} {[%emt
00:07:48]} Rb6 {[%clk 00:47:39]} {[%emt 00:01:11]} 44. e4 {[%clk 00:23:05]}
{[%emt 00:01:29]} Rb1 {[%clk 00:47:09]} {[%emt 00:00:59]} 45. e5 {[%clk
00:20:02]} {[%emt 00:03:33]} f5 {[%clk 00:43:32]} {[%emt 00:04:08]} 46. Nb2
{[%clk 00:19:54]} {[%emt 00:00:38]} Rh1 {[%clk 00:41:50]} {[%emt 00:02:11]} 47.
g3 {[%clk 00:19:05]} {[%emt 00:01:20]} g5 {[%clk 00:40:46]} {[%emt 00:01:34]}
48. Na4 {[%clk 00:19:10]} {[%emt 00:00:24]} gxf4 {[%clk 00:36:28]} {[%emt
00:04:48]} 49. gxf4 {[%clk 00:19:36]} {[%emt 00:00:05]} Rc1+ {[%clk 00:36:55]}
{[%emt 00:00:03]} 50. Kb3 {[%clk 00:19:51]} {[%emt 00:00:14]} Rb1+ {[%clk
00:37:21]} {[%emt 00:00:05]} 51. Kc2 {[%clk 00:09:03]} {[%emt 00:11:18]} Rf1
{[%clk 00:37:30]} {[%emt 00:00:21]} 52. Rd6+ {[%clk 00:09:19]} {[%emt
00:00:15]} Kc7 {[%clk 00:37:54]} {[%emt 00:00:06]} 53. Nxc5 {[%clk 00:09:32]}
{[%emt 00:00:16]} Rxf4 {[%clk 00:38:19]} {[%emt 00:00:05]} 54. Kc3 {[%clk
00:09:14]} {[%emt 00:00:48]} Rh4 {[%clk 00:35:32]} {[%emt 00:03:17]} 55. Nxe6+
{[%clk 00:07:15]} {[%emt 00:02:29]} Bxe6 {[%clk 00:35:50]} {[%emt 00:00:12]} 56.
Rxe6 {[%clk 00:07:41]} {[%emt 00:00:04]} Rxh2 {[%clk 00:36:16]} {[%emt
00:00:04]} 57. Ra6 {[%clk 00:06:09]} {[%emt 00:02:03]} Kd7 {[%clk 00:34:28]}
{[%emt 00:02:19]} 58. Kd4 {[%clk 00:06:23]} {[%emt 00:00:16]} Rd2+ {[%clk
00:33:31]} {[%emt 00:01:27]} 59. Ke3 {[%clk 00:06:48]} {[%emt 00:00:04]} Rh2
{[%clk 00:33:23]} {[%emt 00:00:37]} 60. Kd3 {[%clk 00:02:06]} {[%emt 00:05:13]}
Rh4 {[%clk 00:28:14]} {[%emt 00:05:40]} 61. Rf6 {[%clk 00:02:31]} {[%emt
00:00:05]} a5 {[%clk 00:23:22]} {[%emt 00:05:22]} 62. a4 {[%clk 00:02:55]}
{[%emt 00:00:06]} Ke7 {[%clk 00:20:30]} {[%emt 00:03:22]} 63. c5 {[%clk
00:01:39]} {[%emt 00:01:46]} Rxa4 {[%clk 00:15:56]} {[%emt 00:05:04]} 64. c6
{[%clk 00:02:04]} {[%emt 00:00:05]} Ra1 {[%clk 00:13:17]} {[%emt 00:03:09]} 65.
Kd4 {[%clk 00:02:28]} {[%emt 00:00:05]} a4 {[%clk 00:12:33]} {[%emt 00:01:14]}
66. c7 {[%clk 00:00:41]} {[%emt 00:02:17]} Rc1 {[%clk 00:12:32]} {[%emt
00:00:32]} 67. Rxh6 {[%clk 00:00:40]} {[%emt 00:00:31]} Rxc7 {[%clk 00:12:29]}
{[%emt 00:00:33]} 68. Rh7+ {[%clk 00:00:45]} {[%emt 00:00:25]} Kd8 {[%clk
00:12:52]} {[%emt 00:00:07]} 69. Rh8+ {[%clk 00:01:12]} {[%emt 00:00:03]} Ke7
{[%clk 00:13:12]} {[%emt 00:00:10]} 70. Rh7+ {[%clk 00:00:50]} {[%emt
00:00:51]} Kd8 {[%clk 00:13:38]} {[%emt 00:00:04]} 71. Rh8+ {[%clk 00:00:50]}
{[%emt 00:00:30]} Ke7 {[%clk 00:14:00]} {[%emt 00:00:08]} 72. Rh7+ {[%clk
00:01:13]} {[%emt 00:00:07]} Kd8 {[%emt 00:00:18]} 1/2-1/2

[Event "FIDE World Cup 2025"]
[Site "Goa, India"]
[Date "2025.11.02"]
[Round "2.6"]
[White "Idani, Pouya"]
[Black "Cori Quispe, Kevin Joel"]
[Result "1-0"]
[TimeControl ": 90 minutes for the first 40 moves, followed by 30 minutes for the rest of the gamewith an increment of 30 seconds per move starting from move 1"]
[WhiteFideId "12510130"]
[BlackFideId "3814017"]
[WhiteElo "2601"]
[BlackElo "2451"]

1. e4 {[%clk 01:30:58]} c5 {[%clk 01:30:49]} {[%emt 00:00:12]} 2. Nf3 {[%clk
01:31:22]} {[%emt 00:00:05]} e6 {[%clk 01:31:10]} {[%emt 00:00:09]} 3. d4
{[%clk 01:31:45]} {[%emt 00:00:06]} cxd4 {[%clk 01:31:33]} {[%emt 00:00:07]} 4.
Nxd4 {[%clk 01:32:12]} {[%emt 00:00:04]} Nf6 {[%clk 01:31:48]} {[%emt
00:00:15]} 5. Bd3 {[%clk 01:32:34]} {[%emt 00:00:08]} Nc6 {[%clk 01:28:07]}
{[%emt 00:04:11]} 6. Nxc6 {[%clk 01:32:47]} {[%emt 00:00:17]} bxc6 {[%clk
01:28:32]} {[%emt 00:00:05]} 7. Bf4 {[%clk 01:33:11]} {[%emt 00:00:06]} d6
{[%clk 01:20:24]} {[%emt 00:08:38]} 8. c4 {[%clk 01:23:37]} {[%emt 00:10:04]}
e5 {[%clk 01:19:13]} {[%emt 00:01:41]} 9. Be3 {[%clk 01:22:35]} {[%emt
00:01:32]} Ng4 {[%clk 01:16:31]} {[%emt 00:03:12]} 10. Bc1 {[%clk 01:21:41]}
{[%emt 00:01:24]} Be7 {[%clk 01:15:55]} {[%emt 00:01:06]} 11. Nc3 {[%clk
01:19:46]} {[%emt 00:02:25]} O-O {[%clk 01:13:02]} {[%emt 00:03:22]} 12. O-O
{[%clk 01:19:30]} {[%emt 00:00:46]} Be6 {[%clk 01:11:42]} {[%emt 00:01:50]} 13.
Qe2 {[%clk 01:15:29]} {[%emt 00:04:31]} Nf6 {[%clk 01:00:00]} {[%emt 00:12:13]}
14. Rd1 {[%clk 01:14:32]} {[%emt 00:01:27]} Nd7 {[%clk 01:00:05]} {[%emt
00:00:24]} 15. Bc2 {[%clk 01:08:39]} {[%emt 00:06:23]} Rb8 {[%clk 00:51:52]}
{[%emt 00:08:43]} 16. Rb1 {[%clk 01:07:41]} {[%emt 00:01:28]} Qc7 {[%clk
00:49:38]} {[%emt 00:02:44]} 17. Be3 {[%clk 01:01:22]} {[%emt 00:06:49]} h6
{[%clk 00:46:15]} {[%emt 00:03:53]} 18. b4 {[%clk 00:49:53]} {[%emt 00:11:59]}
Rfd8 {[%clk 00:44:54]} {[%emt 00:01:51]} 19. Nd5 {[%clk 00:46:15]} {[%emt
00:04:08]} cxd5 {[%clk 00:40:27]} {[%emt 00:04:57]} 20. exd5 {[%clk 00:46:33]}
{[%emt 00:00:11]} Bxd5 {[%clk 00:40:22]} {[%emt 00:00:35]} 21. cxd5 {[%clk
00:43:34]} {[%emt 00:03:29]} Bg5 {[%clk 00:38:57]} {[%emt 00:01:55]} 22. Rdc1
{[%clk 00:37:29]} {[%emt 00:06:35]} Qb7 {[%clk 00:37:37]} {[%emt 00:01:50]} 23.
Bxg5 {[%clk 00:37:25]} {[%emt 00:00:34]} hxg5 {[%clk 00:38:02]} {[%emt
00:00:05]} 24. Be4 {[%clk 00:37:28]} {[%emt 00:00:27]} Qb6 {[%clk 00:11:35]}
{[%emt 00:26:57]} 25. Rc6 {[%clk 00:33:25]} {[%emt 00:04:33]} Qd4 {[%clk
00:11:56]} {[%emt 00:00:09]} 26. Rc4 {[%clk 00:33:26]} {[%emt 00:00:29]} Qb6
{[%clk 00:11:33]} {[%emt 00:00:53]} 27. Rc6 {[%clk 00:28:55]} {[%emt 00:05:01]}
Qd4 {[%clk 00:10:40]} {[%emt 00:01:23]} 28. Rc4 {[%clk 00:29:17]} {[%emt
00:00:08]} Qb6 {[%clk 00:10:54]} {[%emt 00:00:16]} 29. a4 {[%clk 00:26:42]}
{[%emt 00:03:06]} Nf6 {[%clk 00:09:52]} {[%emt 00:01:32]} 30. h3 {[%clk
00:22:20]} {[%emt 00:04:51]} Qa6 {[%clk 00:07:08]} {[%emt 00:03:14]} 31. a5
{[%clk 00:15:14]} {[%emt 00:07:36]} Qb5 {[%clk 00:06:12]} {[%emt 00:01:26]} 32.
Qd3 {[%clk 00:14:21]} {[%emt 00:01:23]} Qa4 {[%clk 00:05:22]} {[%emt 00:01:20]}
33. Bf3 {[%clk 00:13:07]} {[%emt 00:01:44]} Re8 {[%clk 00:03:47]} {[%emt
00:02:05]} 34. h4 {[%clk 00:08:47]} {[%emt 00:04:50]} gxh4 {[%clk 00:03:00]}
{[%emt 00:01:17]} 35. Rxh4 {[%clk 00:09:09]} {[%emt 00:00:08]} Qb5 {[%clk
00:01:48]} {[%emt 00:01:42]} 36. Qf5 {[%clk 00:08:44]} {[%emt 00:00:54]} e4
{[%clk 00:01:49]} {[%emt 00:00:30]} 37. Bxe4 {[%clk 00:08:05]} {[%emt
00:01:10]} Re5 {[%clk 00:02:06]} {[%emt 00:00:12]} 38. Qh3 {[%clk 00:07:22]}
{[%emt 00:01:12]} Kf8 {[%clk 00:02:32]} {[%emt 00:00:04]} 39. Bd3 {[%clk
00:06:46]} {[%emt 00:01:07]} Qb7 {[%clk 00:00:48]} {[%emt 00:02:14]} 40. f4
{[%clk 00:06:15]} {[%emt 00:01:01]} Ree8 {[%clk 00:00:36]} {[%emt 00:00:42]} 41.
Rh8+ {[%clk 00:05:54]} {[%emt 00:00:51]} Ke7 {[%clk 00:00:57]} {[%emt
00:00:09]} 42. Re1+ {[%clk 00:04:48]} {[%emt 00:01:36]} Kd8 {[%clk 00:01:22]}
{[%emt 00:00:05]} 43. Rhxe8+ {[%clk 00:04:35]} {[%emt 00:00:42]} Nxe8 {[%clk
00:01:47]} {[%emt 00:00:05]} 44. Qh4+ {[%clk 00:04:59]} {[%emt 00:00:06]} 1-0

[Event "FIDE World Cup 2025"]
[Site "Goa, India"]
[Date "2025.11.02"]
[Round "2.7"]
[White "Berdayes Ason, Dylan Isidro"]
[Black "Iniyan, Pa"]
[Result "1/2-1/2"]
[TimeControl ": 90 minutes for the first 40 moves, followed by 30 minutes for the rest of the gamewith an increment of 30 seconds per move starting from move 1"]
[WhiteFideId "3516016"]
[BlackFideId "25002767"]
[WhiteElo "2453"]
[BlackElo "2599"]

1. c4 {[%clk 01:30:29]} {[%emt 00:00:30]} Nf6 {[%clk 01:30:17]} {[%emt
00:00:43]} 2. Nc3 {[%clk 01:30:38]} {[%emt 00:00:21]} e5 {[%clk 01:29:49]}
{[%emt 00:00:58]} 3. Nf3 {[%clk 01:30:50]} {[%emt 00:00:18]} Nc6 {[%clk
01:30:10]} {[%emt 00:00:10]} 4. g3 {[%clk 01:30:55]} {[%emt 00:00:24]} d5
{[%clk 01:29:54]} {[%emt 00:00:46]} 5. cxd5 {[%clk 01:31:11]} {[%emt 00:00:14]}
Nxd5 {[%clk 01:30:15]} {[%emt 00:00:09]} 6. Bg2 {[%clk 01:31:37]} {[%emt
00:00:05]} Nb6 {[%clk 01:29:37]} {[%emt 00:01:08]} 7. a3 {[%clk 01:31:08]}
{[%emt 00:00:59]} Be7 {[%clk 01:29:34]} {[%emt 00:00:32]} 8. b4 {[%clk
01:30:47]} {[%emt 00:00:51]} Be6 {[%clk 01:29:50]} {[%emt 00:00:13]} 9. Rb1
{[%clk 01:29:54]} {[%emt 00:01:24]} a6 {[%clk 01:29:56]} {[%emt 00:00:24]} 10.
O-O {[%clk 01:26:39]} {[%emt 00:03:45]} f5 {[%clk 01:27:38]} {[%emt 00:02:47]}
11. d3 {[%clk 01:24:52]} {[%emt 00:02:18]} O-O {[%clk 01:27:53]} {[%emt
00:00:15]} 12. Bb2 {[%clk 01:23:38]} {[%emt 00:01:45]} Qd7 {[%clk 01:21:40]}
{[%emt 00:06:42]} 13. Nd2 {[%clk 01:20:02]} {[%emt 00:04:07]} Kh8 {[%clk
01:17:39]} {[%emt 00:04:29]} 14. Nb3 {[%clk 01:16:00]} {[%emt 00:04:33]} Bxb3
{[%clk 01:08:19]} {[%emt 00:09:50]} 15. Qxb3 {[%clk 01:15:08]} {[%emt
00:01:22]} Nd4 {[%clk 01:08:17]} {[%emt 00:00:32]} 16. Qd1 {[%clk 01:14:55]}
{[%emt 00:00:43]} c6 {[%clk 01:06:05]} {[%emt 00:02:42]} 17. e3 {[%clk
01:05:10]} {[%emt 00:10:15]} Ne6 {[%clk 01:06:02]} {[%emt 00:00:33]} 18. Qe2
{[%clk 00:58:59]} {[%emt 00:06:41]} a5 {[%clk 01:03:32]} {[%emt 00:03:00]} 19.
Ba1 {[%clk 00:56:19]} {[%emt 00:03:11]} axb4 {[%clk 01:03:49]} {[%emt
00:00:13]} 20. axb4 {[%clk 00:56:46]} {[%emt 00:00:02]} Bf6 {[%clk 01:02:30]}
{[%emt 00:01:48]} 21. b5 {[%clk 00:46:14]} {[%emt 00:11:03]} Nd5 {[%clk
00:58:20]} {[%emt 00:04:39]} 22. bxc6 {[%clk 00:40:15]} {[%emt 00:06:29]} bxc6
{[%clk 00:58:18]} {[%emt 00:00:32]} 23. Rfc1 {[%clk 00:37:38]} {[%emt
00:03:07]} Ne7 {[%clk 00:57:14]} {[%emt 00:01:33]} 24. Qc2 {[%clk 00:35:22]}
{[%emt 00:02:47]} Rfd8 {[%clk 00:57:05]} {[%emt 00:00:38]} 25. Rd1 {[%clk
00:35:50]} {[%emt 00:00:03]} Nc5 {[%clk 00:44:15]} {[%emt 00:13:20]} 26. Ne4
{[%clk 00:27:19]} {[%emt 00:09:01]} fxe4 {[%clk 00:32:49]} {[%emt 00:11:56]} 27.
Qxc5 {[%clk 00:27:46]} {[%emt 00:00:03]} exd3 {[%clk 00:33:05]} {[%emt
00:00:14]} 28. Be4 {[%clk 00:23:37]} {[%emt 00:04:38]} Qg4 {[%clk 00:20:19]}
{[%emt 00:13:15]} 29. Bxd3 {[%clk 00:19:55]} {[%emt 00:04:12]} h5 {[%clk
00:17:19]} {[%emt 00:03:29]} 30. Qc2 {[%clk 00:17:05]} {[%emt 00:03:21]} h4
{[%clk 00:15:48]} {[%emt 00:02:02]} 31. Be2 {[%clk 00:15:45]} {[%emt 00:01:49]}
Qf5 {[%clk 00:15:15]} {[%emt 00:01:03]} 32. Qc4 {[%clk 00:09:38]} {[%emt
00:06:37]} Rd5 {[%clk 00:10:55]} {[%emt 00:04:49]} 33. Bg4 {[%clk 00:07:51]}
{[%emt 00:02:18]} Qg5 {[%clk 00:08:15]} {[%emt 00:03:10]} 34. Bc3 {[%clk
00:07:10]} {[%emt 00:01:11]} e4 {[%clk 00:06:22]} {[%emt 00:02:23]} 35. Be6
{[%clk 00:04:21]} {[%emt 00:03:19]} Rxd1+ {[%clk 00:04:02]} {[%emt 00:02:50]}
36. Rxd1 {[%clk 00:04:50]} {[%emt 00:00:02]} Bxc3 {[%clk 00:04:10]} {[%emt
00:00:22]} 37. Qxc3 {[%clk 00:05:17]} {[%emt 00:00:03]} Rf8 {[%clk 00:02:38]}
{[%emt 00:02:02]} 38. Rd7 {[%clk 00:02:43]} {[%emt 00:03:04]} Qh5 {[%clk
00:00:41]} {[%emt 00:02:27]} 39. Qd2 {[%clk 00:01:25]} {[%emt 00:01:48]} Ng6
{[%clk 00:00:39]} {[%emt 00:00:32]} 40. Rd8 {[%clk 00:01:03]} {[%emt 00:00:52]}
Kh7 {[%clk 00:00:37]} {[%emt 00:00:31]} 41. Rxf8 {[%clk 00:25:52]} {[%emt
00:05:41]} Nxf8 {[%clk 00:29:42]} {[%emt 00:01:26]} 42. Bb3 {[%clk 00:25:58]}
{[%emt 00:00:24]} Qf5 {[%clk 00:26:02]} {[%emt 00:04:08]} 43. Qd8 {[%clk
00:21:13]} {[%emt 00:05:16]} Ng6 {[%clk 00:21:56]} {[%emt 00:04:36]} 44. Bc2
{[%clk 00:17:39]} {[%emt 00:04:05]} Qd5 {[%clk 00:20:51]} {[%emt 00:01:34]} 45.
Qe8 {[%clk 00:16:05]} {[%emt 00:02:05]} hxg3 {[%clk 00:20:17]} {[%emt
00:01:03]} 46. hxg3 {[%clk 00:16:18]} {[%emt 00:00:18]} Ne5 {[%clk 00:20:40]}
{[%emt 00:00:07]} 47. Qh5+ {[%clk 00:15:19]} {[%emt 00:01:29]} Kg8 {[%clk
00:21:03]} {[%emt 00:00:07]} 48. Kg2 {[%clk 00:14:32]} {[%emt 00:01:18]} Nf7
{[%clk 00:19:06]} {[%emt 00:02:26]} 49. Qg6 {[%clk 00:09:04]} {[%emt 00:05:58]}
Nd6 {[%clk 00:18:42]} {[%emt 00:00:53]} 50. Qg4 {[%clk 00:08:28]} {[%emt
00:01:06]} c5 {[%clk 00:17:37]} {[%emt 00:01:35]} 51. Qd7 {[%clk 00:08:09]}
{[%emt 00:00:49]} c4 {[%clk 00:17:58]} {[%emt 00:00:09]} 52. Qc7 {[%clk
00:05:56]} {[%emt 00:02:44]} Kh7 {[%clk 00:15:50]} {[%emt 00:02:37]} 53. Ba4
{[%clk 00:05:33]} {[%emt 00:00:53]} Kg6 {[%clk 00:14:15]} {[%emt 00:02:04]} 54.
Bc6 {[%clk 00:01:51]} {[%emt 00:04:13]} Qe5 {[%clk 00:13:44]} {[%emt 00:01:01]}
55. Ba4 {[%clk 00:02:10]} {[%emt 00:00:12]} Kf6 {[%clk 00:13:28]} {[%emt
00:00:44]} 56. Qc6 {[%clk 00:01:57]} {[%emt 00:00:45]} Ke7 {[%clk 00:13:32]}
{[%emt 00:00:25]} 57. Bc2 {[%clk 00:00:57]} {[%emt 00:01:31]} Ke6 {[%clk
00:13:09]} {[%emt 00:00:52]} 58. Qc7 {[%clk 00:00:59]} {[%emt 00:00:29]} Qf6
{[%clk 00:12:26]} {[%emt 00:01:12]} 59. Bd1 {[%clk 00:01:03]} {[%emt 00:00:27]}
Qe5 {[%clk 00:09:35]} {[%emt 00:03:21]} 60. Bg4+ {[%clk 00:01:19]} {[%emt
00:00:14]} Kf6 {[%clk 00:09:52]} {[%emt 00:00:13]} 61. Qd8+ {[%clk 00:01:28]}
{[%emt 00:00:22]} Qe7 {[%clk 00:10:01]} {[%emt 00:00:20]} 62. Qb6 {[%clk
00:01:45]} {[%emt 00:00:14]} Qe5 {[%clk 00:09:58]} {[%emt 00:00:32]} 63. Qc6
{[%clk 00:02:03]} {[%emt 00:00:13]} Kf7 {[%clk 00:09:44]} {[%emt 00:00:44]} 64.
Be2 {[%clk 00:02:12]} {[%emt 00:00:21]} Qe6 {[%clk 00:10:04]} {[%emt 00:00:10]}
65. Qc5 {[%clk 00:02:22]} {[%emt 00:00:21]} Kf6 {[%clk 00:10:22]} {[%emt
00:00:12]} 66. Qc6 {[%clk 00:01:51]} {[%emt 00:01:02]} Kf7 {[%clk 00:10:38]}
{[%emt 00:00:13]} 67. Kf1 {[%clk 00:01:48]} {[%emt 00:00:33]} Kf6 {[%clk
00:10:00]} {[%emt 00:01:08]} 68. g4 {[%clk 00:02:03]} {[%emt 00:00:15]} Ke7
{[%clk 00:07:46]} {[%emt 00:02:44]} 69. Qc5 {[%clk 00:02:15]} {[%emt 00:00:19]}
Kf6 {[%clk 00:08:04]} {[%emt 00:00:12]} 70. Ke1 {[%clk 00:01:28]} {[%emt
00:01:17]} g5 {[%clk 00:07:27]} {[%emt 00:01:06]} 71. Kd2 {[%clk 00:01:08]}
{[%emt 00:00:50]} Qe5 {[%clk 00:07:34]} {[%emt 00:00:23]} 72. Qxe5+ {[%clk
00:01:14]} {[%emt 00:00:24]} Kxe5 {[%clk 00:07:56]} {[%emt 00:00:08]} 73. Kc3
{[%clk 00:01:42]} {[%emt 00:00:03]} Ne8 {[%clk 00:07:52]} {[%emt 00:00:33]} 74.
Kxc4 {[%clk 00:01:54]} {[%emt 00:00:19]} Nf6 {[%clk 00:08:17]} {[%emt
00:00:05]} 75. Kc5 {[%clk 00:01:59]} {[%emt 00:00:25]} Nd5 {[%clk 00:08:38]}
{[%emt 00:00:08]} 76. Bd1 {[%clk 00:01:26]} {[%emt 00:01:03]} Nf6 {[%clk
00:08:58]} {[%emt 00:00:09]} 77. Kc6 {[%clk 00:01:33]} {[%emt 00:00:25]} Nd5
{[%clk 00:08:59]} {[%emt 00:00:29]} 78. Kd7 {[%clk 00:01:18]} {[%emt 00:00:45]}
Nb4 {[%clk 00:09:21]} {[%emt 00:00:08]} 79. Ke7 {[%clk 00:01:04]} {[%emt
00:00:45]} Nd3 {[%clk 00:09:44]} {[%emt 00:00:06]} 80. Kf7 {[%clk 00:01:01]}
{[%emt 00:00:34]} Nxf2 {[%clk 00:10:04]} {[%emt 00:00:09]} 81. Be2 {[%clk
00:01:29]} {[%emt 00:00:02]} Nh3 {[%clk 00:10:18]} {[%emt 00:00:16]} 82. Kg6
{[%clk 00:01:21]} {[%emt 00:00:38]} Ng1 {[%clk 00:10:40]} {[%emt 00:00:07]} 83.
Bc4 {[%clk 00:00:47]} {[%emt 00:01:06]} Nf3 {[%clk 00:11:02]} {[%emt 00:00:07]}
84. Ba2 {[%clk 00:00:42]} {[%emt 00:00:36]} Nh4+ {[%clk 00:11:19]} {[%emt
00:00:12]} 85. Kxg5 {[%clk 00:01:04]} {[%emt 00:00:08]} Ng2 {[%clk 00:11:47]}
{[%emt 00:00:02]} 86. Bb1 {[%clk 00:00:37]} {[%emt 00:00:57]} 1/2-1/2